Методологическое введение к курсу "Отечественная история": хрестоматия-практикум; учебное пособие

Bibliografiske detaljer
Institution som forfatter: Национальный исследовательский Томский политехнический университет (ТПУ)
Andre forfattere: Гузарова Н. И. Надежда Ивановна (составитель), Гузаров В. Н. Владимир Николаевич, Трубникова Н. В. Наталья Валерьевна
Summary:Пособие посвящено методологическим проблемам исторической науки. Изучение этой сложной, во многом философской темы представляет значительные трудности для первокурсников. Данный практикум призван помочь студентам в овладении материалом, рекомендованным для изучения темы. Предназначено для студентов дневного отделения всех специальностей, изучающих базовый курс «Отечественная история».
Sprog:russisk
Udgivet: Томск, Изд-во ТПУ, 2012
Fag:
Format: MixedMaterials Bog
KOHA link:https://koha.lib.tpu.ru/cgi-bin/koha/opac-detail.pl?biblionumber=232411

MARC

LEADER 00000nam0a2200000 4500
001 232411
005 20241126063151.0
035 |a (RuTPU)RU\TPU\book\253457 
035 |a RU\TPU\book\82849 
090 |a 232411 
100 |a 20130213d2012 m y0rusy50 ca 
101 0 |a rus 
102 |a RU 
105 |a y j 000zy 
200 1 |a Методологическое введение к курсу "Отечественная история"  |e хрестоматия-практикум  |e учебное пособие  |f Национальный исследовательский Томский политехнический университет (ТПУ) ; сост. Н. И. Гузарова; В. Н. Гузаров; Н. В. Трубникова 
210 |a Томск  |c Изд-во ТПУ  |d 2012 
215 |a 108 с. 
330 |a Пособие посвящено методологическим проблемам исторической науки. Изучение этой сложной, во многом философской темы представляет значительные трудности для первокурсников. Данный практикум призван помочь студентам в овладении материалом, рекомендованным для изучения темы. Предназначено для студентов дневного отделения всех специальностей, изучающих базовый курс «Отечественная история». 
488 1 |0 (RuTPU)RU\TPU\book\249591  |t Методологическое введение к курсу "Отечественная история"  |o хрестоматия - практикум  |f Национальный исследовательский Томский политехнический университет (ТПУ) ; сост. Н. И. Гузарова ; сост. В. Н. Гузаров ; сост. Н. В. Трубникова  |c Томск  |n Изд-во ТПУ  |d 2012 
606 1 |a История  |x Методология  |2 stltpush  |3 (RuTPU)RU\TPU\subj\52419  |9 70872 
606 |a Россия  |x История  |7 ca  |8 rus  |2 stltpush  |3 (RuTPU)RU\TPU\subj\64777  |9 81526 
610 1 |a теория 
610 1 |a методология 
610 1 |a историческая наука 
610 1 |a психоистория 
610 1 |a модели 
610 1 |a социальная история 
610 1 |a позитивизм 
610 1 |a позитивистские теории 
610 1 |a исторический материализм 
610 1 |a движение"Анналов" 
610 1 |a прошлое 
610 1 |a познание 
610 1 |a практикумы 
610 1 |a отечественная история 
610 1 |a хрестоматии 
610 1 |a учебные пособия 
610 1 |a труды учёных ТПУ 
686 |a Т01я73  |v LBC/SL-A  |2 rubbk 
686 |a Т3(2)0я73  |v LBC/SL-A  |2 rubbk 
702 1 |a Гузарова  |b Н. И.  |c историк  |c доцент Томского политехнического университета, кандидат исторических наук  |f 1955-  |g Надежда Ивановна  |2 stltpush  |3 (RuTPU)RU\TPU\pers\26631  |4 220 
702 1 |a Гузаров  |b В. Н.  |c российский историк  |c доцент Томского политехнического университета, кандидат исторических наук  |f 1950-  |g Владимир Николаевич  |2 stltpush  |3 (RuTPU)RU\TPU\pers\25555  |4 220 
702 1 |a Трубникова  |b Н. В.  |c историк  |c профессор Томского политехнического университета, доктор исторических наук  |f 1973-  |g Наталья Валерьевна  |2 stltpush  |3 (RuTPU)RU\TPU\pers\25444  |4 220 
712 0 2 |a Национальный исследовательский Томский политехнический университет (ТПУ)  |c (2009- )  |2 stltpush  |3 (RuTPU)RU\TPU\col\15902 
801 1 |a RU  |b 63413507  |c 20050517  |g PSBO 
801 2 |a RU  |b 63413507  |c 20220928  |g PSBO 
900 |a Отечественная история 
942 |c BK